00371nam a2200145Ia 450000500170000000800410001703700130005804000200007104100130009108400190010410000150012324500380013826000400017630000090021620250326140527.0250326s9999 xx 000 0 und d aTextbook aFMSLbengcFMSL aeng2eng aX65:8 M3qFMSL aBhalla V K 0aInvestment managementcBhalla V K aNew YorkbNew York, . S Chandc1983 a389p